[Event "OLNN 2324 Preetzer TSV - SF Schwerin"]
[Site "?"]
[Date "2024.04.28"]
[Round "9.2"]
[White "Vinter-Schou, Uffe"]
[Black "Rittemann, Steffen"]
[Result "1/2-1/2"]
[WhiteElo "2345"]
[BlackElo "2174"]
[PlyCount "169"]
[EventDate "2024.??.??"]

1. e4 c5 2. Nf3 d6 3. d4 cxd4 4. Nxd4 Nf6 5. Nc3 a6 6. Be2 e5 7. Nf3 Be7 8. Bg5 Nbd7 9. a4 b6 10. Nd2 O-O 11. Nc4 h6 12. Bh4 Qc7 13. a5 bxa5 14. Rxa5 Bb7 15. Bxf6 Nxf6 16. Qd3 d5 17. Nxd5 Nxd5 18. Rxd5 Bxd5 19. exd5 Bd6 20. O-O f5 21. Nxd6 Qxd6 22. Ra1 Rf6 23. Qd2 e4 24. b4 Qe5 25. Rd1 f4 26. Qd4 Qf5 27. c4 f3 28. Bf1 fxg2 29. Bxg2 Rg6 30. Kh1 e3 31. Qe4 Qxe4 32. Bxe4 Rb6 33. fxe3 Rxb4 34. d6 Rd8 35. Bd5+ Kf8 36. Rf1+ Ke8 37. Bc6+ Rd7 38. c5 Rc4 39. Bxd7+ Kxd7 40. Rf7+ Kd8 41. Rc7 a5 42. e4 Rxe4 43. Ra7 Rc4 44. Rxa5 g5 45. Kg2 h5 46. Kf3 g4+ 47. Kg3 Rc2 48. Ra8+ Kd7 49. Ra7+ Kd8 50. Rc7 Rd2 51. Ra7 Rc2 52. Ra5 Kd7 53. Kf4 Kc6 54. Kg3 Rc3+ 55. Kf4 Rc2 56. Ke3 Rc1 57. Kd2 Rc4 58. Kd3 Rc1 59. Kd4 Rd1+ 60. Ke5 h4 61. Ra8 g3 62. Rc8+ Kb5 63. hxg3 hxg3 64. Rb8+ Kxc5 65. Rc8+ Kb6 66. Rc2 Kb7 67. Ke6 Re1+ 68. Kd7 Rd1 69. Rb2+ Ka6 70. Rg2 Rd3 71. Kc7 Rc3+ 72. Kd8 Kb7 73. d7 Rd3 74. Rb2+ Kc6 75. Rc2+ Kd5 76. Ke7 Ke4 77. Rc4+ Kf3 78. Rc3 Rxc3 79. d8=Q Re3+ 80. Kf6 g2 81. Qd1+ Kf2 82. Qd2+ Kf3 83. Qd1+ Kf2 84. Qd2+ Kf3 85. Qd1+ 1/2-1/2

[Event "OLNN 2324 Preetzer TSV - SF Schwerin"]
[Site "?"]
[Date "2024.04.28"]
[Round "9.3"]
[White "Leisner, Hannes"]
[Black "Moeller, Dustin"]
[Result "1/2-1/2"]
[WhiteElo "2185"]
[BlackElo "2188"]
[PlyCount "159"]
[EventDate "2024.??.??"]

1. Nf3 d5 2. c4 e6 3. g3 Nf6 4. Bg2 Be7 5. O-O O-O 6. Qc2 d4 7. d3 c5 8. b4 cxb4 9. a3 Nc6 10. axb4 Nxb4 11. Qb2 Nc6 12. Na3 e5 13. Bg5 h6 14. Bxf6 Bxf6 15. Nd2 Be7 16. Rfb1 a5 17. Nc2 Ra6 18. Qb5 Nb4 19. Ne1 Qc7 20. Rc1 b6 21. c5 bxc5 22. Ne4 Bd7 23. Qc4 Be6 24. Qb5 Rb8 25. Qa4 f5 26. Nd2 Nd5 27. Bxd5 Bxd5 28. Rcb1 Raa8 29. Rxb8+ Rxb8 30. Nc4 e4 31. Nc2 exd3 32. exd3 f4 33. N2a3 Qc8 34. Qd1 fxg3 35. fxg3 Bg5 36. Qe2 Qd7 37. Re1 Rf8 38. Nb6 Qf5 39. Nxd5 Qxd5 40. Nc4 Qf3 41. Qxf3 Rxf3 42. Rd1 Be3+ 43. Kg2 Rf2+ 44. Kh3 h5 45. g4 Rf3+ 46. Kh4 hxg4 47. Kxg4 Rf2 48. Ra1 Rxh2 49. Rxa5 Rc2 50. Kf3 Rf2+ 51. Kg3 Rf5 52. Kg4 g6 53. Ra7 Bf4 54. Rb7 Bh2 55. Rb2 Be5 56. Rb7 Bg7 57. Rc7 Bf8 58. Nd2 Rf2 59. Rc6 Kh7 60. Ne4 Rf5 61. Ng5+ Kh6 62. Ne4 Rf1 63. Rc8 Be7 64. Rc7 Rg1+ 65. Kf3 Bg5 66. Rxc5 Be3 67. Rc6 Kh5 68. Ng3+ Kg5 69. Rc8 Rd1 70. Ne4+ Kf5 71. Rf8+ Ke5 72. Re8+ Kd5 73. Rd8+ Ke6 74. Ra8 Kf7 75. Ra7+ Kf8 76. Nc5 Rc1 77. Ne6+ Ke8 78. Ke4 Re1 79. Kd5 Bf2 80. Nxd4 1/2-1/2

[Event "OLNN 2324 Preetzer TSV - SF Schwerin"]
[Site "?"]
[Date "2024.04.28"]
[Round "9.5"]
[White "Grahl, Arvid"]
[Black "Reinecker, Kai"]
[Result "1/2-1/2"]
[WhiteElo "2109"]
[BlackElo "2199"]
[PlyCount "82"]
[EventDate "2024.??.??"]

1. d4 Nf6 2. c4 e6 3. Nc3 Bb4 4. Qc2 O-O 5. a3 Bxc3+ 6. Qxc3 b6 7. Bg5 Bb7 8. e3 h6 9. Bh4 d6 10. Ne2 Nbd7 11. Qc2 e5 12. d5 b5 13. cxb5 Bxd5 14. Nc3 Bb7 15. e4 a6 16. bxa6 Bxa6 17. Bxa6 Rxa6 18. O-O Qa8 19. f3 c6 20. Rfe1 Re8 21. Rad1 d5 22. exd5 cxd5 23. Rd2 Rc6 24. Qf5 Rce6 25. Bxf6 Nxf6 26. Rde2 e4 27. fxe4 dxe4 28. Kh1 Re5 29. Qf4 Qc8 30. h3 Qe6 31. Re3 Nh5 32. Qh4 Qg6 33. Rd1 f5 34. Rd8 f4 35. Rxe8+ Qxe8 36. Re1 g5 37. Qf2 Ng3+ 38. Kg1 Nf5 39. Qb6 Re6 40. Qc5 Ng3 41. a4 e3 1/2-1/2

[Event "OLNN 2324 Preetzer TSV - SF Schwerin"]
[Site "?"]
[Date "2024.04.28"]
[Round "9.6"]
[White "Light, Bjarne"]
[Black "Heinsohn, Wilfried"]
[Result "1/2-1/2"]
[WhiteElo "2230"]
[BlackElo "2118"]
[PlyCount "97"]
[EventDate "2024.??.??"]

1. c4 Nf6 2. Nc3 g6 3. g3 Bg7 4. Bg2 O-O 5. d3 c5 6. a3 Nc6 7. Rb1 a5 8. e4 d6 9. Nge2 e5 10. O-O Ne8 11. f4 f5 12. Be3 Nc7 13. Qc2 Nd4 14. Nd5 Nxd5 15. cxd5 fxe4 16. dxe4 Bg4 17. Nxd4 cxd4 18. Bf2 Qd7 19. Be1 Bh6 20. Qd3 exf4 21. Qxd4 f3 22. Bc3 Bg7 23. Qxg7+ Qxg7 24. Bxg7 Kxg7 25. Bh1 Rac8 26. Rfc1 f2+ 27. Kf1 Bh3+ 28. Bg2 Bxg2+ 29. Kxg2 f1=Q+ 30. Rxf1 Rc2+ 31. Kh3 Rxf1 32. Rxf1 Rxb2 33. Rc1 Kf6 34. Rc7 h5 35. Rd7 Ke5 36. Re7+ Kd4 37. g4 b5 38. Re6 Kc5 39. g5 b4 40. axb4+ Rxb4 41. e5 Rb6 42. Rxg6 Kxd5 43. exd6 Rxd6 44. Rg8 Ra6 45. Rf8 a4 46. g6 Rxg6 47. Ra8 Rg4 48. Ra5+ Kc6 49. Rc5+ 1/2-1/2

[Event "OLNN 2324 Preetzer TSV - SF Schwerin"]
[Site "?"]
[Date "2024.04.28"]
[Round "9.7"]
[White "Schmidt, Arne"]
[Black "Willsch, Matthias"]
[Result "0-1"]
[WhiteElo "1869"]
[BlackElo "2128"]
[PlyCount "64"]
[EventDate "2024.??.??"]

1. d4 d5 2. c4 e6 3. Nf3 a6 4. g3 dxc4 5. Bg2 Nc6 6. O-O Rb8 7. e4 Nf6 8. Nc3 Be7 9. Bg5 O-O 10. a3 b5 11. Bxf6 Bxf6 12. e5 Be7 13. Ne4 Bb7 14. h4 Na5 15. Qe2 h6 16. Rad1 Bd5 17. Nh2 Nb3 18. f4 Qd7 19. Qh5 f5 20. exf6 Bxf6 21. Nxf6+ Rxf6 22. Ng4 Rf5 23. Qg6 Kh8 24. Bxd5 Rxd5 25. f5 Qe8 26. Qxe6 Qxe6 27. fxe6 Re8 28. Rde1 Nxd4 29. e7 Kg8 30. h5 Rd7 31. Rf6 gxf6 32. Nxf6+ Kf7 0-1

[Event "OLNN 2324 Preetzer TSV - SF Schwerin"]
[Site "?"]
[Date "2024.04.28"]
[Round "9.8"]
[White "Schwarzat, Julian"]
[Black "Wiechhusen, Laurin-Elias"]
[Result "1-0"]
[WhiteElo "2132"]
[BlackElo "1711"]
[PlyCount "139"]
[EventDate "2024.??.??"]

1. e4 c5 2. Nf3 Nc6 3. d3 g6 4. g3 Bg7 5. Bg2 Nf6 6. O-O O-O 7. Re1 e5 8. c3 Re8 9. a3 d5 10. Qc2 dxe4 11. dxe4 Qc7 12. b4 cxb4 13. cxb4 a6 14. Bb2 Bd7 15. Nbd2 Rac8 16. Nb3 b6 17. Rad1 Qb8 18. Qe2 Be6 19. Nbd2 b5 20. Ng5 Nd8 21. Nxe6 Nxe6 22. Nf3 Nf8 23. Rc1 N6d7 24. Bh3 Rxc1 25. Rxc1 Nb6 26. Rd1 Nc4 27. Bc1 Rd8 28. Rd3 Qc7 29. Qd1 Rd6 30. Ne1 Nd7 31. Rxd6 Nxd6 32. Bxd7 Qxd7 33. Qd5 Qe6 34. Qa8+ Qc8 35. Qxc8+ Nxc8 36. Nd3 Nd6 37. Nc5 Kf8 38. f3 Ke7 39. Nxa6 Kd7 40. Nc5+ Kc6 41. Kf1 Nc4 42. Ke2 Bf6 43. Nb3 Bd8 44. Nd2 Nd6 45. Bb2 f6 46. Kd3 Bb6 47. f4 exf4 48. gxf4 f5 49. e5 Ne8 50. Nf3 Nc7 51. Ng5 h6 52. Nf3 Ne6 53. Bc1 Kd5 54. Nh4 Nxf4+ 55. Bxf4 g5 56. Bxg5 hxg5 57. Nxf5 Kxe5 58. Ne3 Ba7 59. Nd1 Bd4 60. Nc3 Bxc3 61. Kxc3 Ke4 62. a4 bxa4 63. b5 Kd5 64. Kb4 a3 65. Kxa3 Kc5 66. Ka4 Kb6 67. h3 Kb7 68. Kb4 Kb6 69. Kc4 Kc7 70. Kd5 1-0

[Event "OLNN 2324 SC Königsspringer HH - FC St."]
[Site "?"]
[Date "2024.04.28"]
[Round "9.1"]
[White "Voigt, Martin"]
[Black "Weber, Max"]
[Result "1/2-1/2"]
[WhiteElo "2323"]
[BlackElo "2304"]
[PlyCount "81"]
[EventDate "2024.??.??"]

1. e4 c5 2. Nf3 e6 3. c3 Nf6 4. e5 Nd5 5. d4 cxd4 6. cxd4 d6 7. a3 Bd7 8. Bd3 Bc6 9. O-O Nd7 10. Re1 Rc8 11. Qe2 Be7 12. exd6 Bxd6 13. Nc3 O-O 14. Ne4 Nf4 15. Bxf4 Bxf4 16. Rad1 Nf6 17. g3 Bd6 18. Nxf6+ Qxf6 19. Ne5 Rfd8 20. Nxc6 Rxc6 21. Be4 Rc7 22. Rc1 Rxc1 23. Rxc1 Qxd4 24. Bxb7 Bc5 25. Rc4 Qd1+ 26. Qxd1 Rxd1+ 27. Kg2 Bb6 28. Bf3 Rd2 29. Rc8+ Rd8 30. Rc2 f5 31. b4 Rd3 32. a4 Rb3 33. a5 Bd4 34. Rc4 Be5 35. Rc5 Bd6 36. Rc6 Bxb4 37. Rxe6 Rb2 38. Re5 g6 39. a6 Kf8 40. h4 Bc3 41. Re2 1/2-1/2

[Event "OLNN 2324 SC Königsspringer HH - FC St."]
[Site "?"]
[Date "2024.04.28"]
[Round "9.2"]
[White "Schmidt, Jan-Peter"]
[Black "Trisic, Aleksandar"]
[Result "1-0"]
[WhiteElo "2268"]
[BlackElo "2241"]
[PlyCount "71"]
[EventDate "2024.??.??"]

1. Nf3 Nf6 2. c4 g6 3. g3 Bg7 4. d4 d6 5. Nc3 O-O 6. Bg2 Nc6 7. O-O a6 8. Bf4 Nh5 9. Bg5 h6 10. Be3 Rb8 11. Rc1 Bd7 12. b3 e5 13. dxe5 dxe5 14. Qd2 Kh7 15. Rfd1 Be6 16. Ne4 Qxd2 17. Rxd2 Rbd8 18. Nc5 Bc8 19. Rcd1 f5 20. Ne1 Rxd2 21. Bxd2 e4 22. g4 Nf6 23. gxf5 gxf5 24. Bc3 b6 25. Ncd3 exd3 26. Bxc6 dxe2 27. Rd2 Rg8 28. Rxe2 Bf8+ 29. Kh1 Ne4 30. Rxe4 fxe4 31. Bxe4+ Rg6 32. Nd3 Bd6 33. Be5 Bg4 34. Bxd6 cxd6 35. Nf4 Bf3+ 36. Bxf3 1-0

[Event "OLNN 2324 SC Königsspringer HH - FC St."]
[Site "?"]
[Date "2024.04.28"]
[Round "9.3"]
[White "Jahncke, Giso"]
[Black "Borgmeyer, Max"]
[Result "0-1"]
[WhiteElo "2239"]
[BlackElo "2191"]
[PlyCount "92"]
[EventDate "2024.??.??"]

1. d4 Nf6 2. Nf3 e6 3. c4 b6 4. g3 Bb4+ 5. Bd2 Be7 6. Bg2 d5 7. cxd5 exd5 8. O-O O-O 9. Nc3 Bb7 10. Bf4 Nh5 11. Be3 Nf6 12. Ne5 c6 13. Rc1 Nfd7 14. Nd3 Nf6 15. b4 a6 16. Bf4 Nbd7 17. a4 Nh5 18. b5 axb5 19. axb5 Nxf4 20. Nxf4 Nf6 21. bxc6 Bxc6 22. Qb3 Ra3 23. Qb2 Ra5 24. Rb1 b5 25. Nd3 Qa8 26. Nb4 Bb7 27. Nd3 Bc6 28. Qc2 Rc8 29. Nb4 Bb7 30. Qd2 Ne4 31. Bxe4 dxe4 32. d5 Rc4 33. Nca2 Bc5 34. Rfc1 e3 35. fxe3 Ra3 36. Kg2 Bxe3 37. Qd1 Bxc1 38. Nxc1 Ra4 39. Qd2 Qa5 40. Qe3 Qd8 41. Ncd3 Bxd5+ 42. Kg1 Be4 43. Rb3 Ra1+ 44. Kf2 Qf6+ 45. Qf4 Qb6+ 46. e3 Bxd3 0-1

[Event "OLNN 2324 SC Königsspringer HH - FC St."]
[Site "?"]
[Date "2024.04.28"]
[Round "9.4"]
[White "Skibbe, Willi"]
[Black "Priebe, Jan"]
[Result "1-0"]
[WhiteElo "2170"]
[BlackElo "2235"]
[PlyCount "91"]
[EventDate "2024.??.??"]

1. d4 Nf6 2. Nf3 g6 3. Nbd2 Bg7 4. e4 O-O 5. e5 Ne8 6. Bc4 c6 7. a4 Nc7 8. Qe2 d6 9. O-O Be6 10. Rd1 Nd7 11. Bd3 h6 12. exd6 exd6 13. Nc4 Nf6 14. h3 Re8 15. Qf1 Ncd5 16. c3 Qd7 17. Bd2 Nh5 18. Ne3 Qe7 19. Nxd5 Bxd5 20. Re1 Qf6 21. Nh2 Nf4 22. Ng4 Qg5 23. Rxe8+ Rxe8 24. Re1 Rxe1 25. Qxe1 h5 26. Qe8+ Kh7 27. Bxf4 Qxf4 28. Ne3 Be6 29. Qb8 Qg5 30. Qxb7 c5 31. d5 Bxh3 32. Qxf7 Bg4 33. f4 Qf6 34. Qxf6 Bxf6 35. Nc4 Be7 36. Na5 Bd8 37. Nc6 Bb6 38. a5 c4+ 39. axb6 cxd3 40. bxa7 d2 41. a8=Q d1=Q+ 42. Kh2 Qd2 43. Qa7+ Kg8 44. Qd4 Qe2 45. Qf6 h4 46. Ne7+ 1-0

[Event "OLNN 2324 SC Königsspringer HH - FC St."]
[Site "?"]
[Date "2024.04.28"]
[Round "9.5"]
[White "Breyther, Ruediger"]
[Black "Lampe, Joerg"]
[Result "1-0"]
[WhiteElo "2253"]
[BlackElo "2101"]
[PlyCount "91"]
[EventDate "2024.??.??"]

1. e4 c5 2. Nf3 Nc6 3. Bb5 e6 4. O-O Nge7 5. Re1 a6 6. Bf1 d5 7. exd5 Nxd5 8. d4 Nf6 9. Be3 cxd4 10. Nxd4 Nxd4 11. Bxd4 Be7 12. c4 Bd7 13. Nc3 Bc6 14. Qd3 O-O 15. Rad1 Nd7 16. Ne4 Qc7 17. Qc3 e5 18. Qg3 f5 19. Nd2 Bf6 20. Bc3 Rac8 21. Nf3 Bxf3 22. Qxf3 e4 23. Qxf5 Bxc3 24. Qe6+ Rf7 25. bxc3 Nc5 26. Qd5 Rcf8 27. Be2 Nd3 28. Bxd3 exd3 29. Rxd3 Kh8 30. f3 h6 31. Re6 Rf5 32. Qd4 Kg8 33. Rde3 Rf4 34. Re7 Rxd4 35. Rxc7 Rd2 36. Ree7 Rfd8 37. Rxg7+ Kf8 38. Rh7 Kg8 39. Rcg7+ Kf8 40. Rxb7 Kg8 41. Rbg7+ Kf8 42. Ra7 Kg8 43. h3 Rxa2 44. Rxh6 a5 45. c5 Rd5 46. Rd6 1-0

[Event "OLNN 2324 SC Königsspringer HH - FC St."]
[Site "?"]
[Date "2024.04.28"]
[Round "9.6"]
[White "Langmann, Markus"]
[Black "Hess, Christian"]
[Result "1/2-1/2"]
[WhiteElo "2069"]
[BlackElo "2159"]
[PlyCount "67"]
[EventDate "2024.??.??"]

1. e4 e6 2. d4 d5 3. exd5 exd5 4. Bd3 Nc6 5. c3 Bd6 6. Ne2 Qf6 7. Ng3 Nge7 8. Nh5 Qe6+ 9. Qe2 O-O 10. Bf4 Bxf4 11. Nxf4 Qh6 12. Qf3 Bf5 13. O-O Bxd3 14. Nxd3 Rad8 15. Na3 Ng6 16. Nb5 Nh4 17. Qh3 Rc8 18. Rae1 a6 19. Na3 Rce8 20. f4 Re4 21. Rxe4 dxe4 22. Nc5 Nf3+ 23. Kf2 Qxh3 24. gxh3 f5 25. Nc4 Rf6 26. Ne3 Ne7 27. Rd1 Rh6 28. Kg3 Rg6+ 29. Kf2 a5 30. d5 Rh6 31. Kg3 Rg6+ 32. Kf2 Rh6 33. Kg3 Rg6+ 34. Kf2 1/2-1/2

[Event "OLNN 2324 SC Königsspringer HH - FC St."]
[Site "?"]
[Date "2024.04.28"]
[Round "9.7"]
[White "Perez De Miguel, Alvaro"]
[Black "Wagner, Friedrich"]
[Result "1-0"]
[WhiteElo "2265"]
[BlackElo "2108"]
[PlyCount "97"]
[EventDate "2024.??.??"]

1. d4 d5 2. c4 c6 3. Nc3 Nf6 4. e3 a6 5. Nf3 b5 6. b3 Bg4 7. Be2 e6 8. h3 Bh5 9. g4 Bg6 10. Ne5 Nfd7 11. Nxg6 hxg6 12. Kf1 Be7 13. Kg2 O-O 14. cxd5 cxd5 15. h4 b4 16. Na4 Bxh4 17. f4 Be7 18. g5 f5 19. Bd2 Qc8 20. Rc1 Qb7 21. Bh5 gxh5 22. Qxh5 Nf6 23. gxf6 Bxf6 24. Nc5 Qb6 25. Rh2 Rd8 26. Qg6 Ra7 27. Rch1 Kf8 28. Nxe6+ Ke7 29. Nxd8 Kxd8 30. Rh8+ Kc7 31. Qf7+ Nd7 32. Rc1+ Kd6 33. Rhc8 a5 34. R1c5 Nxc5 35. dxc5+ Qxc5 36. Qf8+ Be7 37. Qxf5 Qb5 38. Qe5+ Kd7 39. Qf5+ Kd6 40. Qg6+ Bf6 41. Kf2 Qd7 42. Rc2 Rc7 43. e4 Rxc2 44. e5+ Ke6 45. Qxc2 Bh4+ 46. Kf3 Qf7 47. Qc6+ Kf5 48. Qc8+ Qe6 49. Qc2# 1-0

[Event "OLNN 2324 SC Königsspringer HH - FC St."]
[Site "?"]
[Date "2024.04.28"]
[Round "9.8"]
[White "Hloskovsky, Andrei"]
[Black "Reuber, Artur"]
[Result "0-1"]
[WhiteElo "2098"]
[BlackElo "2111"]
[PlyCount "114"]
[EventDate "2024.??.??"]

1. e4 d5 2. exd5 Qxd5 3. Nc3 Qd6 4. d4 Nf6 5. Nf3 a6 6. g3 Bg4 7. h3 Bxf3 8. Qxf3 Nc6 9. Be3 g6 10. Bg2 Bg7 11. O-O O-O 12. Rfe1 Rfd8 13. Bf4 Qxd4 14. Bxc7 Rdc8 15. Bf4 Qb4 16. a3 Qxb2 17. Ra2 Qb6 18. Rb1 Qa5 19. Ne4 Nxe4 20. Qxe4 e5 21. Be3 b5 22. c4 Rab8 23. Rab2 Nd4 24. Bd2 Qxa3 25. Bb4 Qa4 26. cxb5 Rxb5 27. Bf1 Rb6 28. Qd5 Qc6 29. Qxc6 Rbxc6 30. Ba5 Bf8 31. Rb8 Kg7 32. Rxc8 Rxc8 33. Rb6 Rc6 34. Rxa6 Rc1 35. Kg2 Bc5 36. Bd2 Rc2 37. Be3 Nf3 38. Bxc5 Rxc5 39. Ra2 Nd4 40. Be2 Rc2 41. Rxc2 Nxc2 42. h4 f5 43. Bc4 Kf6 44. Bg8 h6 45. Bd5 e4 46. Bb3 Ne1+ 47. Kf1 Nf3 48. Kg2 Nd4 49. Ba4 Ke5 50. Be8 g5 51. hxg5 hxg5 52. Ba4 Kd5 53. Bd7 Kc4 54. Kf1 Kd3 55. Ke1 e3 56. fxe3 Kxe3 57. g4 f4 0-1

[Event "OLNN 2324 SK Norderstedt - TV Fischbek"]
[Site "?"]
[Date "2024.04.28"]
[Round "9.1"]
[White "de Voogt, Juergen"]
[Black "Ostrovskiy, Andrey"]
[Result "1/2-1/2"]
[WhiteElo "2249"]
[BlackElo "2419"]
[PlyCount "117"]
[EventDate "2024.??.??"]

1. d4 Nf6 2. Nf3 e6 3. Bf4 d5 4. e3 c5 5. c3 Nc6 6. Nbd2 Be7 7. Bd3 Nh5 8. Be5 f6 9. Bg3 g6 10. Qc2 Bd7 11. dxc5 Bxc5 12. e4 O-O 13. Nb3 Bb6 14. Bd6 Rf7 15. g4 Ng7 16. h4 e5 17. exd5 Bxg4 18. Nh2 Bh5 19. dxc6 Qxd6 20. cxb7 Rd8 21. f3 Rxb7 22. O-O-O Qe7 23. Be4 Rbd7 24. c4 Ne6 25. Rxd7 Rxd7 26. Rd1 Nd4 27. Nxd4 Bxd4 28. Nf1 f5 29. Bd5+ Kf8 30. Ng3 Qxh4 31. Nxh5 Qxh5 32. Qa4 Qg5+ 33. Kc2 Qe7 34. a3 Kg7 35. b4 Qe8 36. Qc6 Rd6 37. Qb7+ Qd7 38. Kb3 Qxb7 39. Bxb7 Rb6 40. Bd5 g5 41. Rc1 Rd6 42. Bb7 Rd7 43. Bc8 Rf7 44. c5 e4 45. fxe4 fxe4 46. Rc4 Bf2 47. Rxe4 h5 48. Kc4 g4 49. Bxg4 hxg4 50. Rxg4+ Kf8 51. Re4 Bg3 52. a4 Rf6 53. Kd5 Kf7 54. b5 Bf2 55. Re5 Bg3 56. Rg5 Be1 57. Rh5 Kg6 58. Re5 Bb4 59. b6 1/2-1/2

[Event "OLNN 2324 SK Norderstedt - TV Fischbek"]
[Site "?"]
[Date "2024.04.28"]
[Round "9.2"]
[White "Kopylov, Michael"]
[Black "Kneip, Jakob"]
[Result "1/2-1/2"]
[WhiteElo "2364"]
[BlackElo "2169"]
[PlyCount "29"]
[EventDate "2024.??.??"]

1. d4 d5 2. c4 c6 3. Nf3 Nf6 4. e3 Bf5 5. Nc3 e6 6. Nh4 Be4 7. f3 Bg6 8. Qb3 Qb6 9. e4 dxe4 10. Nxg6 hxg6 11. fxe4 e5 12. dxe5 Ng4 13. Qxb6 axb6 14. Bf4 Bc5 15. Be2 1/2-1/2

[Event "OLNN 2324 SK Norderstedt - TV Fischbek"]
[Site "?"]
[Date "2024.04.28"]
[Round "9.3"]
[White "Rolf, Marco"]
[Black "Meyer, Falko"]
[Result "1-0"]
[WhiteElo "2025"]
[BlackElo "2226"]
[PlyCount "59"]
[EventDate "2024.??.??"]

1. d4 d5 2. c4 c6 3. Nf3 Nf6 4. Nc3 a6 5. cxd5 cxd5 6. Bf4 Nc6 7. e3 e6 8. Bd3 Bd6 9. Bxd6 Qxd6 10. h3 O-O 11. O-O e5 12. dxe5 Nxe5 13. Nxe5 Qxe5 14. Qf3 b5 15. Rfd1 Rd8 16. Rac1 g5 17. Ne2 Bd7 18. Rc5 Rac8 19. b4 Kg7 20. Rdc1 h6 21. Nd4 Ne8 22. R1c2 Rxc5 23. bxc5 Nc7 24. c6 Bc8 25. Qh5 Ne8 26. c7 Rd6 27. Nc6 Qa1+ 28. Kh2 Nxc7 29. Nd4 Rd7 30. Rc6 1-0

[Event "OLNN 2324 SK Norderstedt - TV Fischbek"]
[Site "?"]
[Date "2024.04.28"]
[Round "9.4"]
[White "Hovhannisyan, Artur"]
[Black "Brandt, Carina"]
[Result "1-0"]
[WhiteElo "2222"]
[BlackElo "2050"]
[PlyCount "82"]
[EventDate "2024.??.??"]

1. e4 e6 2. d4 d5 3. Nc3 Bb4 4. Nge2 b6 5. a3 Be7 6. e5 Ba6 7. Be3 c5 8. Ng3 Bxf1 9. Rxf1 Nc6 10. Qg4 g6 11. O-O-O h5 12. Qf3 cxd4 13. Bxd4 Nh6 14. h3 a6 15. Nge2 Nf5 16. g4 Nfxd4 17. Nxd4 Nxe5 18. Qe2 Qc7 19. f4 Nc4 20. Nxe6 fxe6 21. Qxe6 Qd6 22. Qe2 Nxb2 23. Rxd5 Qxa3 24. Nb1 Qb4 25. Qe6 Nd3+ 26. cxd3 Kf8 27. Nd2 Qc3+ 28. Kd1 Qa1+ 29. Ke2 Qf6 30. Qxf6+ Bxf6 31. Ne4 Be7 32. f5 hxg4 33. fxg6+ Kg8 34. Rf7 Bh4 35. Rdd7 Rd8 36. Rg7+ Kf8 37. Rdf7+ Ke8 38. hxg4 Rf8 39. g5 Rxf7 40. Rxf7 Rd4 41. Nf6+ Kd8 1-0

[Event "OLNN 2324 SK Norderstedt - TV Fischbek"]
[Site "?"]
[Date "2024.04.28"]
[Round "9.5"]
[White "Schneider, Alexander"]
[Black "Zierke, Oliver"]
[Result "0-1"]
[WhiteElo "2091"]
[BlackElo "2183"]
[PlyCount "128"]
[EventDate "2024.??.??"]

1. e4 c5 2. Nf3 d6 3. d4 cxd4 4. Nxd4 Nf6 5. Nc3 Nc6 6. Bg5 e6 7. Qd2 a6 8. O-O-O Bd7 9. Kb1 h6 10. Bxf6 Qxf6 11. Nf3 Qd8 12. Be2 Qc7 13. Rhe1 O-O-O 14. Qf4 Be8 15. h4 Kb8 16. g4 Be7 17. g5 Ne5 18. Nd4 Rc8 19. Qg3 hxg5 20. hxg5 Bd7 21. f4 Ng6 22. Bd3 Qb6 23. Nde2 Bc6 24. Rh1 Rxh1 25. Rxh1 Ka8 26. Rh7 Bf8 27. a3 d5 28. exd5 Bxa3 29. Nd1 Nf8 30. dxc6 Nxh7 31. Bxh7 Rd8 32. Kc1 Bb4 33. cxb7+ Ka7 34. Bd3 Rd7 35. Ne3 Qxb7 36. Kb1 Qh1+ 37. Ka2 Rb7 38. Nc4 Qd5 39. Qe3+ Bc5 40. Qe5 Qxe5 41. fxe5 Bf2 42. Nc3 Bg3 43. Ne4 Bf4 44. Kb1 Rd7 45. Ka2 Rd5 46. Nc3 Rc5 47. Kb3 Bxe5 48. Kb4 Bd4 49. Nd6 Rxg5 50. Nce4 Rg2 51. Nxf7 Bxb2 52. Kc5 Bc1 53. Nd8 g5 54. Nd6 Ba3+ 55. Kc6 Bxd6 56. Kxd6 Kb6 57. Nxe6 g4 58. Nf4 Rd2 59. c4 g3 60. Nd5+ Kb7 61. Be4 g2 62. Bxg2 Rxg2 63. c5 Rg6+ 64. Kd7 Rc6 0-1

[Event "OLNN 2324 SK Norderstedt - TV Fischbek"]
[Site "?"]
[Date "2024.04.28"]
[Round "9.6"]
[White "Michna, Christian"]
[Black "Peters, Thomas"]
[Result "1-0"]
[WhiteElo "2201"]
[BlackElo "1940"]
[PlyCount "65"]
[EventDate "2024.??.??"]

1. d4 f5 2. c3 Nf6 3. Bg5 Ne4 4. Bh4 g5 5. e3 h5 6. f3 gxh4 7. fxe4 fxe4 8. Be2 d5 9. Bxh5+ Kd7 10. Nh3 Bh6 11. O-O Bxe3+ 12. Kh1 Rf8 13. Re1 Bh6 14. c4 e6 15. cxd5 exd5 16. Bg4+ Kd6 17. Nc3 c6 18. b4 Bxg4 19. Qxg4 Qf6 20. Rad1 Nd7 21. Rxe4 Rae8 22. Re2 Qg7 23. Qxh4 Rxe2 24. Nxe2 Nf6 25. Rf1 Ne4 26. Rxf8 Qxf8 27. Nef4 Bg7 28. Qg4 Qf6 29. Qc8 Bh6 30. Qb8+ Ke7 31. Qxb7+ Kf8 32. Qb8+ Kg7 33. Nh5+ 1-0

[Event "OLNN 2324 SK Norderstedt - TV Fischbek"]
[Site "?"]
[Date "2024.04.28"]
[Round "9.7"]
[White "Serrer, David"]
[Black "Parvanyan, Alfred"]
[Result "0-1"]
[WhiteElo "1928"]
[BlackElo "2152"]
[PlyCount "81"]
[EventDate "2024.??.??"]

1. d4 Nf6 2. Nf3 g6 3. c4 c5 4. d5 b5 5. cxb5 a6 6. e3 d6 7. Nc3 Bg7 8. a4 O-O 9. h3 axb5 10. Bxb5 Ba6 11. Ra3 Bxb5 12. Nxb5 Na6 13. O-O Nb4 14. Nc3 Qb6 15. e4 Qa6 16. Nb5 Rfc8 17. Re1 Ne8 18. Qe2 Nc7 19. Nc3 Nd3 20. Rd1 Nxc1 21. Qxa6 Rxa6 22. Rxc1 Rb8 23. Rc2 Rb4 24. Nd2 Bxc3 25. Rcxc3 Rxb2 26. Nf3 Rb4 27. Rcb3 Rxe4 28. Rb8+ Kg7 29. Rd3 Raxa4 30. Rb7 Na6 31. Ng5 Re1+ 32. Kh2 h6 33. Nf3 Re2 34. Ng1 Rxf2 35. Rxe7 Raa2 36. Rg3 Nb4 37. Rd7 Nxd5 38. Nf3 Ne3 39. Kg1 Rf1+ 40. Kh2 Raa1 41. Rxd6 0-1

[Event "OLNN 2324 SK Norderstedt - TV Fischbek"]
[Site "?"]
[Date "2024.04.28"]
[Round "9.8"]
[White "Bohnsack, Ralf"]
[Black "Schwarzkopf, Joerg"]
[Result "1/2-1/2"]
[WhiteElo "2148"]
[BlackElo "1862"]
[PlyCount "112"]
[EventDate "2024.??.??"]

1. d4 Nf6 2. Nf3 g6 3. c4 c5 4. d5 e6 5. Nc3 exd5 6. cxd5 d6 7. e4 a6 8. Bg5 h6 9. Bh4 g5 10. Bg3 Nh5 11. a4 Nxg3 12. hxg3 Bg7 13. Nd2 Nd7 14. Be2 O-O 15. O-O Rb8 16. Nc4 Ne5 17. Ne3 Bd7 18. g4 b5 19. axb5 axb5 20. g3 Qb6 21. Kg2 Ra8 22. Qb3 Rxa1 23. Rxa1 Rb8 24. Qa2 Ng6 25. Qa7 Qb7 26. Nf5 Bxf5 27. gxf5 Bxc3 28. bxc3 Ne5 29. f4 gxf4 30. gxf4 Nd7 31. Qa2 Nf6 32. Kf3 Kh7 33. Rb1 Qe7 34. Qc2 Qb7 35. Rxb5 Qa7 36. Rxb8 Qxb8 37. Bc4 Qg8 38. Qf2 Qg4+ 39. Ke3 Qd1 40. Be2 Qc1+ 41. Kf3 Qxc3+ 42. Qe3 Qe1 43. Qd3 Qh1+ 44. Ke3 Qc1+ 45. Kf3 Qh1+ 46. Ke3 Qc1+ 47. Kf3 Nh5 48. Qe3 Qh1+ 49. Kf2 Qh2+ 50. Ke1 Nxf4 51. Bf3 Ng2+ 52. Bxg2 Qxg2 53. Qf4 Qg1+ 54. Ke2 Qd4 55. f6 Qc4+ 56. Kd2 Qd4+ 1/2-1/2

[Event "OLNN 2324 Hamburger SK III - SK Doppelba"]
[Site "?"]
[Date "2024.04.28"]
[Round "9.2"]
[White "Gaede, Derek"]
[Black "Callsen, Niklas"]
[Result "1-0"]
[WhiteElo "2276"]
[BlackElo "2193"]
[PlyCount "95"]
[EventDate "2024.??.??"]

1. d4 Nf6 2. c4 e6 3. Nc3 d5 4. cxd5 exd5 5. Bg5 Be7 6. e3 O-O 7. Bd3 Re8 8. Qc2 h6 9. Bh4 c5 10. Nge2 Nc6 11. dxc5 d4 12. exd4 Nxd4 13. Qa4 Nxe2 14. Bxe2 Bd7 15. Qc2 Qa5 16. O-O Qxc5 17. Rac1 Bc6 18. Qb3 Qd4 19. Bg3 Qb4 20. Qc2 Rad8 21. a3 Qb6 22. Bc4 Rd4 23. Ba2 Red8 24. Rfe1 Bf8 25. b4 Rd2 26. Qb3 R8d7 27. b5 Bxb5 28. Nxb5 Bc5 29. Rf1 Ne4 30. Nc3 Nxg3 31. Qxb6 Bxb6 32. hxg3 Bd4 33. Bc4 Kf8 34. Bb5 Rc7 35. Ne4 Rdc2 36. Rcd1 Rb2 37. a4 a6 38. Rxd4 axb5 39. axb5 Rxb5 40. Ra1 Ke7 41. Nd6 Re5 42. Nc4 Rec5 43. Re1+ Kf6 44. Rd6+ Kg5 45. Ne5 f6 46. Nd3 R5c6 47. Rxc6 Rxc6 48. Re7 1-0